000 00571nam a2200217Ia 4500
003 OSt
005 20220928143411.0
006 a|||||r|||| 00| 0
007 ta
008 220927b |||||||| |||| 00| 0 eng d
024 _a22014
037 _cTextual
040 _aSDCL
_cSDCL
_beng
041 _2eng
_aeng
082 _aQ.275'G, M5
100 _aChatterjee Rama
_9505360
245 0 _aReligion in Bengal
_b During the Pala and the Sena times.
260 _c1985
942 _hQ.275'G, M5
_cTEXL
_2CC
999 _c824035
_d824035